| 000 | 00686nam a2200193 a 4500 | ||
|---|---|---|---|
| 005 | 20220617123413.0 | ||
| 008 | 991125s1949 was 000 0 eng u | ||
| 035 | _aUPN01000021028 | ||
| 049 | _aCG | ||
| 050 | 4 |
_aHT421 _bO7.4 |
|
| 110 | 2 | _aOrganización de las Naciones Unidas para la agricultura y la Alimentación | |
| 245 | 0 | 0 |
_aEssentials of rural welfare : _ban approach to the improvement of rural well-being / _cFood and Agriculture Organization of the United Nations. |
| 260 |
_aWashington : _bONU, _c1949. |
||
| 300 | _a43 p. | ||
| 500 | _aDisponible en la Colección Medina | ||
| 650 | 4 |
_aCONDICIONES RURALES _910908 |
|
| 650 | 2 |
_aSociología rural _911477 |
|
| 905 | _aLibro | ||
| 999 |
_c21028 _d21028 |
||